La abuela tejedora / (Record no. 89526)

MARC details
000 -CABECERA
campo de control de longitud fija 00687nam a22002173a 4500
005 - FECHA Y HORA DE LA ÚLTIMA TRANSACCIÓN
campo de control 20240806063810.0
008 - ELEMENTOS DE LONGITUD FIJA--INFORMACIÓN GENERAL
campo de control de longitud fija 010531s1997 mx fr 000 0 spa d
020 ## - NÚMERO INTERNACIONAL NORMALIZADO PARA LIBROS
Número Internacional Estándar del Libro 9681654420
035 ## - NÚMERO DE CONTROL DEL SISTEMA
Número de control de sistema UPN01000116884
049 ## - COLECCIÓN
Colección I
050 #4 - SIGNATURA TOPOGRÁFICA DE LA BIBLIOTECA DEL CONGRESO
Número de clasificación PN6120.95 G7
Número de documento/Ítem O7.28
100 1# - ASIENTO PRINCIPAL--NOMBRE PERSONAL
Nombre de persona Orlev, Uri,
Fechas asociadas al nombre 1931-
9 (RLIN) 30817
245 13 - MENCIÓN DE TÍTULO
Título La abuela tejedora /
Mención de responsabilidad, etc. Uri Orlev ; il. de Tania Janco ; tr. de Déborah Roitman.
260 ## - PUBLICACIÓN, DISTRIBUCIÓN, ETC.
Lugar de publicación, distribución, etc. México :
Nombre del editor, distribuidor, etc. FCE,
Fecha de publicación, distribución, etc. 1997.
300 ## - DESCRIPCIÓN FÍSICA
Extensión [40] p. :
Otras características físicas il.
440 #0 - MENCIÓN DE SERIE/ASIENTO SECUNDARIO--TÍTULO
Título A la orilla del viento.
Nombre de parte o sección de la obra Para los grandes lectores ;
Designación de volumen o secuencia 96
650 #7 - ASIENTO SECUNDARIO DE MATERIA - TERMINO TEMATICO
Término de materia o nombre geográfico como elemento de entrada Abuelas
Subdivisión de forma Literatura juvenil
Fuente del encabezamiento o término
9 (RLIN) 68
650 #4 - ASIENTO SECUNDARIO DE MATERIA - TERMINO TEMATICO
Término de materia o nombre geográfico como elemento de entrada ABSTRACCION (PSICOLOGIA)
650 #4 - ASIENTO SECUNDARIO DE MATERIA - TERMINO TEMATICO
Término de materia o nombre geográfico como elemento de entrada Literatura juvenil
9 (RLIN) 5153
905 ## - TIPO DE MATERIAL
Tipo de material Infantil
Holdings
Estado de retiro Estado de pérdida Fuente del sistema de clasificación o colocación Estado dañado No para préstamo Código de colección Localización permanente Ubicación/localización actual Ubicación en estantería Fecha de adquisición Total de préstamos Clasificación Código de barras Fecha visto por última vez Fecha del último préstamo Número de copia Tipo de ítem Koha
    Library of Congress Classification     Infantil Bib. Gregorio Torres Quintero Bib. Gregorio Torres Quintero Sala infantil Planta baja 09/11/2022 2 PN6120.95 G7 O7.28 184961 23/11/2022 09/11/2022 1 Libro